Microbiota bacteriana de ovos de jacaré-do-pantanal incubados naturalmente (Registro n. 300876)
[ somente texto ]
| 000 -LÍDER | |
|---|---|
| fixed length control field | 04258nab a2200349 i 4500 |
| 003 - CÓDIGO MARC DA AGÊNCIA CATALOGADORA | |
| Campo de controle | BR-BrBNA |
| 005 - DATA E HORA DA ÚLTIMA ATUALIZAÇÃO | |
| Campo de controle | 20240813141215.0 |
| 008 - CAMPO DE TAMANHO FIXO | |
| fixed length control field | 240813b2017 bl.|r|pooa||| 00| 0 por | |
| 040 ## - FONTE DA CATALOGAÇÃO | |
| Agência catalogadora | BR-BrBNA |
| Idioma da catalogação | por |
| 072 ## - CATEGORIA AGRIS | |
| Código AGRIS | L70 |
| Código do objeto | 8510 |
| 072 ## - CATEGORIA AGRIS | |
| Código AGRIS | L01 |
| 100 ## - ENTRADA PRINCIPAL - NOME PESSOAL | |
| Nome pessoal | Pulcherio, R. |
| 100 ## - ENTRADA PRINCIPAL - NOME PESSOAL | |
| Nome pessoal | Maruyama, F.H. |
| 100 ## - ENTRADA PRINCIPAL - NOME PESSOAL | |
| Nome pessoal | Dorado-Rodrigues, T. |
| 100 ## - ENTRADA PRINCIPAL - NOME PESSOAL | |
| Nome pessoal | Silveira, M. |
| 100 ## - ENTRADA PRINCIPAL - NOME PESSOAL | |
| Nome pessoal | Dutra, V. |
| 100 ## - ENTRADA PRINCIPAL - NOME PESSOAL | |
| Nome pessoal | Ferraz, R. |
| 245 ## - TÍTULO PRINCIPAL | |
| Título principal | Microbiota bacteriana de ovos de jacaré-do-pantanal incubados naturalmente |
| 500 ## - NOTA GERAL | |
| Nota geral | Publicação online; 31 ref.; Summaries (En, Pt) |
| 942 ## - ADDED ENTRY ELEMENTS (KOHA) | |
| Koha item type | |
| 520 ## - NOTA DE RESUMO | |
| Nota de conteúdo | <br/><br/>RESUMO - A cadeia produtiva do Caiman yacare tem-se destacado no Mato Grosso com a exportação de 143.386 peles em 2015, cujo sistema de manejo (ranching) implica a incubação artificial dos ovos. Nesse processo, a contaminação bacteriana de ovos influencia a taxa de eclosão. O conhecimento da microbiota de ovos incubados naturalmente orienta o manejo sanitário adequado no incubatório. No presente estudo, são apresentadas informações sobre essa microbiota e sua correlação com a de outros crocodilianos, apontando-se as espécies com potencial patogênico. Amostras de 20 ninhos de C. yacare foram coletadas e semeadas em ágar sangue e ágar Mac Conckey. A colônia condizente com Salmonella sp. foi confirmada pela técnica de reação em cadeia de polimerase. Das 22 espécies bacterianas isoladas, 59% pertencem à família Enterobacteriaceae e 41% a outros táxons bacterianos. A semelhança dos achados com as bactérias isoladas na microbiota oral e/ou intestinal/cloacal de crocodilianos foi de 77,27%. As bactérias mais e menos frequentes foram, respectivamente, Bacillus cereus, Flavobacterium multivorum, Citrobacter freundii, Escherichia hermannii, Hafnia alvei, Morganella, morganni, Salmonella sp., Serratia marcescens e Shigella sonnei. Das bactérias isoladas, 86,36% têm potencial patogênico para crocodilianos. A origem materna e a ambiental da microbiota de ovos incubados naturalmente são, respectivamente, de 77,27% e 27,27%.<br/><br/><br/>Palavras-chave: ranching, criação comercial, enterobactéria, microbiota, ninho |
| 520 ## - NOTA DE RESUMO | |
| Nota de conteúdo | <br/><br/>ABSTRACT - The Pantanal caiman productive chain has grown in Mato Grosso with the exportation of 143.383 leather pieces in 2015, whose management system (ranching) implies the artificial incubation of eggs. In this process, the bacterial contamination of the eggs influences the hatching rate. Knowledge of the naturally incubated microbiota of eggs guides the appropriate sanitary management in the incubator room. Here we present information about this microbiota and correlate it with that of other crocodilians, indicating the species with pathogenic potential. Samples were collected in 20 nests at Pantanal, and sown in blood and Mac Conckey agar. Salmonella sp. was confirmed through polymerase chain reaction technique. From the twenty-two different species of bacteria isolated, 59% are from the Enterobacteriaceae Family and 41% from other bacterial taxonomies. The similarity of findings to isolated bacteria in the crocodilians oral and/or intestinal/cloacal microbiota was of 77,27%. The most and least frequent bacteria were, respectively, Bacillus cereus, Flavobacterium multivorum and Citrobacter freundii and Escherichia hermannii, Hafnia alvei, Morganella, morganni, Salmonella sp., Serratia marcescens and Shigella sonnei. Among the isolated bacteria, 86,36% are pathogenic for crocodilians. The maternal and environmental origin of the microbiota of eggs naturally incubated is, respectively, of 77,27% and 27,27%.<br/><br/><br/>Keywords: ranching, commercial breeding, enterobacteria, microbiota, nest |
| 650 ## - ASSUNTO - THESAGRO | |
| Cabeçalho tópico ou nome geográfico | JACARÉ |
| 650 ## - ASSUNTO - THESAGRO | |
| Cabeçalho tópico ou nome geográfico | CRIAÇÃO |
| 650 ## - ASSUNTO - THESAGRO | |
| Cabeçalho tópico ou nome geográfico | MICROBIOTA |
| 650 ## - ASSUNTO - THESAGRO | |
| Cabeçalho tópico ou nome geográfico | OVO |
| 650 ## - ASSUNTO - THESAGRO | |
| Cabeçalho tópico ou nome geográfico | NINHO |
| 650 ## - ASSUNTO - THESAGRO | |
| Cabeçalho tópico ou nome geográfico | INSPEÇÃO SANITÁRIA |
| 773 0# - ENTRADA ANALÍTICA | |
| Host Biblionumber | 1643 |
| Registro do item | 316504 |
| Imprenta | Belo Horizonte-MG Universidade Federal de Minas Gerais - Escola de Veterinaria 1983 |
| Outro identificador | 2024-2999 |
| Título | Arquivo Brasileiro de Medicina Veterinária e Zootecnia (Brazil) |
| ISSN | 0102-0935 |
| Colação | v. 69(6); p. 1676-1682; (2017) |
| Número de controle de registro | BR2024002263 |
| 856 ## - ACESSO E ENDEREÇO ELETRÔNICO | |
| Identificador uniforme de recurso - URI | https://www.scielo.br/j/abmvz/a/3bF6wBT879CbS9smTDDHmNC/?format=pdf&lang=pt |
Nenhum exemplar disponível.

BINAGRI